000 00434nam a2200169Ia 4500
005 20250508161715.0
008 008 250505s9999 xx 000 0 eng d
037 _aTextual
040 _aFEDL
_beng
_cFEDL
041 _aeng
_2eng
084 _aF, CLY
_qFEDL
100 _aClymer Theodare
_9771419
245 0 _aDog next door and there stories
300 _a110p.
942 _cTEXL
_hF, CLY
999 _c1371657
_d1371657